|
|
|
|
| LEADER |
00608cam a2200181 7i4500 |
| 001 |
0000032028 |
| 005 |
20150604090000.0 |
| 020 |
0 |
0 |
|a 9781107053717
|
| 090 |
0 |
0 |
|a B 381
|b MAN
|
| 245 |
0 |
4 |
|a The Manufacturing of markets :
|b legal, political and economic dynamics.
|
| 260 |
0 |
0 |
|a Cambridge:
|b Cambridge University Press,
|c 2014.
|
| 300 |
# |
# |
|a 523 pages.
|
| 650 |
0 |
0 |
|a Markets --
|x Law and legislation
|
| 650 |
0 |
0 |
|a Markets --
|x Political aspects
|
| 650 |
0 |
0 |
|a Markets --
|x Case studies
|
| 700 |
1 |
0 |
|a Brousseau, Eric
|
| 700 |
1 |
0 |
|a Glachant, Jean-Michel
|
| 999 |
|
|
|a B000035755
|b Book
|c International
|e Business Information Centre
|